000 00686nam a2200265Ia 4500
003 OSt
005 20220918191736.0
006 a|||||r|||| 00| 0
007 ta
008 220917b |||||||| |||| 00| 0 eng d
024 _a64,914
037 _cTextual
040 _aARTS
_cARTS
_beng
041 _2eng
_aeng
082 _aQ4g, L1 (Q4)
100 _aThera Narada
_977098
245 0 _aManual of Buddhism
250 _a5th
260 _aMalaysia
_bBuddhist Missionary Society
_c1971
300 _a152p.
_ccm.
490 _aBuddhist Missionary series; 9
650 _aRELIGION
942 _hQ4g, L1 (Q4)
_cTEXL
_2CC
999 _c191257
_d191257